000 01137nam a2200313 i 4500
001 16023
003 ES-MaACL
005 20230906151229.0
007 t|
008 000601s2000 sp |||| |dspa d
020 _a84-7846-893-5
080 _a929.52 Fugger
080 _a338(460)"15"
080 _a338(469)"15"
100 1 _aKellenbenz, Hermann.
_967752
245 1 4 _aLos Fugger en España y Portugal hasta 1560 /
_cHermann Kellenbenz ; prefacio, Felipe Ruiz Martín ; traducción, Manuel Prieto Vilas.
260 _a[Valladolid] :
_bJunta de Castilla y León, Consejería de Educación y Cultura,
_c2000.
300 _aXVIII, 768 p. ;
_c25 cm.
490 1 _aEstudios de historia
600 3 4 _aFugger (Familia)
_952982
651 4 _aEspaña-
_xSituación económica-
_y1516-1556.
_9167673
651 4 _aPortugal-
_xSituación económica-
_yS.XVI.
_9167674
700 1 _aRuiz Martín, Felipe.
_9100865
700 1 _aPrieto Vilas, Manuel.
_993950
710 1 _aCastilla y León.
_bConsejería de Educación y Cultura.
_92500
830 0 _aEstudios de historia
_9179197
852 _aES-MaACL
_jL-23205
999 _c16023
_d16023